| 000 | 00877nam a22002655i 4500 | ||
|---|---|---|---|
| 001 | 176421 | ||
| 003 | ES-MaACL | ||
| 005 | 20250811100120.0 | ||
| 008 | 110113s1974 sp |||| | spa d | ||
| 020 | _a84-311-0156-3 | ||
| 080 | _a616.89 | ||
| 100 | 0 |
_aBellot, Lucien. _9144753 |
|
| 245 | 1 | 4 |
_aLas consultas diarias en ginecología / _cpor Lucien Bellot y Denys Sersiron ; versión española de José Mª de Prado Marcilla. |
| 250 | _a1ª ed. | ||
| 260 |
_aBarcelona : _bToray-Masson, _c1974. |
||
| 300 |
_aIX, 189 p. ; _c22 cm. |
||
| 490 | 1 |
_aLas consultas diarias ; _v22 |
|
| 500 | _aÍndice. | ||
| 650 | 0 | 7 |
_aPsiquiatría _2embne _916586 |
| 700 | 1 |
_aSersiron, Denys. _9144754 |
|
| 700 | 0 |
_aPrado Marcilla, José María de. _993622 |
|
| 830 | 0 |
_aLas consultas diarias ; _v22 _9190025 |
|
| 852 |
_aES-MaACL _jE-14051 _xOlim P-210-Ter |
||
| 999 |
_c176421 _d176421 |
||